[Event "Hong Kong-ch prel"]
[Site "Hong Kong"]
[Date "2010.01.25"]
[Round "3"]
[White "Chong, David King Hung"]
[Black "Law, Mark"]
[Result "1-0"]
[WhiteElo "2024"]
[BlackElo "1792"]
[PlyCount "53"]
[EventDate "2010.01.11"]
[EventType "swiss"]
[EventRounds "9"]
[EventCountry "HKG"]
[SourceTitle "EXT 2024"]
[Source "ChessBase"]
[SourceDate "2023.10.10"]
[SourceVersion "1"]
[SourceVersionDate "2023.10.10"]
[SourceQuality "1"]

1. c4 Nf6 2. g3 g6 3. Bg2 Bg7 4. Nc3 0-0 5. e4 d6 6. Nge2 e5 7. 0-0 Nh5 8. d3 Nc6 9. Nd5 Ne7 10. Bg5 f6 11. Be3 c6 12. Nxe7+ Qxe7 13. Qd2 Be6 14. Rac1 Qd7 15. f4 f5 16. d4 exf4 17. Nxf4 Nxf4 18. Rxf4 fxe4 19. d5 cxd5 20. cxd5 Bg4 21. Rxe4 a6 22. Rec4 Rac8 23. Bd4 Rxc4 24. Rxc4 Bh3 25. Bxg7 Kxg7 26. Qc3+ Kg8 27. Rc7 1-0